| 000 | 01010nam0a22002531 4500 | ||
|---|---|---|---|
| 001 | rc\2815836 | ||
| 005 | 20250806211143.0 | ||
| 035 | _a(NLR Aleph) 006941579 | ||
| 090 |
_a39862 _c39862 |
||
| 100 | _a20110915d1945 u y0rusy50 ca | ||
| 101 | 0 | _arus | |
| 102 | _aRU | ||
| 105 | _ay z |||a| | ||
| 200 | 1 |
_aСборник бесед, рассказов и стихов о правилах уличного движения _eВ помощь педагогам 1-5 классов |
|
| 210 |
_a[Москва] _cОтдел регулирования улич. движения Упр. милиции г. Москвы _d1945 _gтип. изд-ва "Моск. большевик" |
||
| 215 |
_a16 с., без обл. _d15 см. |
||
| 712 | 0 | 1 |
_aМосква _bУправление милиции |
| 801 | 0 |
_aRU _bNLR _gpsbo |
|
| 801 | 1 |
_aRU _bELAR _2rusmarc |
|
| 852 |
_aNLR _jДл02 Г-2/165 |
||
| 942 | _cBOOK | ||
| 945 | _aРоссийская национальная библиотека | ||
| 980 | _aNB | ||
| 980 | _aBV | ||